| 000 | 00365cam a2200145ua 4500 | ||
|---|---|---|---|
| 041 |
_aeng _h |
||
| 082 |
_a823.308 _bSMO/PE |
||
| 100 | _aSmollette, Tobias . | ||
| 245 |
_aPeregrine pickle / _cTobias Smollett. _hTextual Documents |
||
| 260 |
_aLondon : _bJ M Dent and Sons Ltd , _c1956. |
||
| 300 | _a383 ; . | ||
| 504 | _a | ||
| 942 | _cBK | ||
| 999 |
_c11978 _d11978 |
||